ordinance No.22 of 1942. L.D.-O 51/40 An ordinance To Amend The Defence Force ordinance.[ Assented To By His Majesty The King : See Proclamation Dated May 14,1942, Published In Government Gazette No. 8,932 of May 22,1942.] (Record no. 50035)
[ view plain ]
| 000 -LEADER | |
|---|---|
| fixed length control field | 00546nam a2200145Ia 4500 |
| 008 - FIXED-LENGTH DATA ELEMENTS--GENERAL INFORMATION | |
| fixed length control field | 180921t xxu||||| ||||o00| 0 eng d |
| 041 ## - LANGUAGE CODE | |
| Language code of text/sound track or separate title | English |
| 080 ## - UNIVERSAL DECIMAL CLASSIFICATION NUMBER | |
| Universal Decimal Classification number | The Ordinances Of Ceylon 1942 |
| 942 ## - ADDED ENTRY ELEMENTS (KOHA) | |
| Koha item type | Books |
| 003 - CONTROL NUMBER IDENTIFIER | |
| control field | LK-CoDNM |
| 040 ## - CATALOGING SOURCE | |
| Original cataloging agency | LK-CoDNM |
| Modifying agency | LK-CoDNM |
| Description conventions | LK-CoDNM |
| 245 ## - TITLE STATEMENT | |
| Title | ordinance No.22 of 1942. L.D.-O 51/40 An ordinance To Amend The Defence Force ordinance.[ Assented To By His Majesty The King : See Proclamation Dated May 14,1942, Published In Government Gazette No. 8,932 of May 22,1942.] |
| 300 ## - PHYSICAL DESCRIPTION | |
| Extent | 23 cm |
| 650 ## - SUBJECT ADDED ENTRY--TOPICAL TERM | |
| Topical term or geographic name as entry element | Defence Force |
| Withdrawn status | Lost status | Damaged status | Not for loan | Collection code | Permanent Location | Current Location | Date acquired | Full call number | Koha item type |
|---|---|---|---|---|---|---|---|---|---|
| Government Publications | Library National Museum Colombo - Sri Lanka | Library National Museum Colombo - Sri Lanka | 2013-06-18 | The Ordinances Of Ceylon 1942 | Books |


